<?xml version="1.0" encoding="UTF-8"?>
<record
    xmlns:xsi="http://www.w3.org/2001/XMLSchema-instance"
    xsi:schemaLocation="http://www.loc.gov/MARC21/slim http://www.loc.gov/standards/marcxml/schema/MARC21slim.xsd"
    xmlns="http://www.loc.gov/MARC21/slim">

  <leader>01822nam a22003257i 4500</leader>
  <datafield tag="999" ind1=" " ind2=" ">
    <subfield code="c">23410</subfield>
    <subfield code="d">23410</subfield>
  </datafield>
  <controlfield tag="003">AR-CdUCM</controlfield>
  <controlfield tag="008">251205b20242024pe ||||| |||| 00| 0 eng d</controlfield>
  <datafield tag="020" ind1=" " ind2=" ">
    <subfield code="a">978-612-00-706-8</subfield>
  </datafield>
  <datafield tag="040" ind1=" " ind2=" ">
    <subfield code="a">MUNICIPALIDAD PROVINCIAL DEL CUSCO</subfield>
    <subfield code="c">BIBLIOTECA MUNICIPAL DEL CUSCO</subfield>
  </datafield>
  <datafield tag="082" ind1=" " ind2=" ">
    <subfield code="a">985.019 /</subfield>
    <subfield code="b">F65</subfield>
  </datafield>
  <datafield tag="100" ind1=" " ind2=" ">
    <subfield code="a">Fl&#xF3;rez D&#xED;az, Marco Antonio. </subfield>
  </datafield>
  <datafield tag="245" ind1=" " ind2=" ">
    <subfield code="a">El Imperio Inca /</subfield>
    <subfield code="b">Historia , Decadencia y Legado.</subfield>
  </datafield>
  <datafield tag="260" ind1=" " ind2=" ">
    <subfield code="a">Cusco</subfield>
    <subfield code="b">Wilfredo Percy Pillco Fl&#xF3;rez.</subfield>
    <subfield code="c">2022</subfield>
  </datafield>
  <datafield tag="300" ind1=" " ind2=" ">
    <subfield code="a">220 p&#xE1;ginas. :</subfield>
    <subfield code="c">21 x 17 cm.</subfield>
  </datafield>
  <datafield tag="500" ind1=" " ind2=" ">
    <subfield code="z">P&#xE1;ginas 218 - 220.</subfield>
  </datafield>
  <datafield tag="505" ind1=" " ind2=" ">
    <subfield code="a">Cap&#xED;tulo I. Primeros Pobladores en el Valle del Cusco -- Ubicaci&#xF3;n geogr&#xE1;fica  y clima -- Primeros Pobladores -- Nacimiento de la Cultura Inca -- Cap&#xED;tulo II.  -- Leyenda de Manco C&#xE1;pac y Mama Ocllo -- Mito de los Hermanos Ayar --  Manifestaciones Sociales -- Organizaci&#xF3;n Social y Pol&#xED;tica -- Festividades  -- Cap&#xED;tulo III. Decadencia y destrucci&#xF3;n -- Saqueos y Repartici&#xF3;n -- Fundaci&#xF3;n Espa&#xF1;ola -- Batallas -- Cap&#xED;tulo IV. Investigaci&#xF3;n Espa&#xF1;ola -- Camino a la Independencia -- Jos&#xE9; Gabriel T&#xFA;pac Amaru -- batalla -- fracaso --  muerte -- Cap&#xED;tulo V. Cusco y sus atractivos tur&#xED;sticos -- Qoricancha -- Rese&#xF1;a -Saqueo -- Descripci&#xF3;n -- Sacsayhuam&#xE1;n -- Valle Sagrado -- Salineras de Maras -- Machupicchu -- Cap&#xED;tulo VI. Reconocimiento....</subfield>
  </datafield>
  <datafield tag="650" ind1=" " ind2=" ">
    <subfield code="a">Pobladores del Valle </subfield>
    <subfield code="9">51658</subfield>
  </datafield>
  <datafield tag="650" ind1=" " ind2=" ">
    <subfield code="a">Estados Regionales</subfield>
    <subfield code="9">51659</subfield>
  </datafield>
  <datafield tag="650" ind1=" " ind2=" ">
    <subfield code="a">Cultura Inca</subfield>
    <subfield code="9">8612</subfield>
  </datafield>
  <datafield tag="650" ind1=" " ind2=" ">
    <subfield code="a">Leyendas Mitos</subfield>
    <subfield code="9">51660</subfield>
  </datafield>
  <datafield tag="650" ind1=" " ind2=" ">
    <subfield code="a">Manifestaciones Sociales Culturales</subfield>
    <subfield code="9">51661</subfield>
  </datafield>
  <datafield tag="650" ind1=" " ind2=" ">
    <subfield code="a">Organizaci&#xF3;n, educaci&#xF3;n </subfield>
    <subfield code="9">51662</subfield>
  </datafield>
  <datafield tag="650" ind1=" " ind2=" ">
    <subfield code="a">Tipos de Conquista</subfield>
    <subfield code="9">51663</subfield>
  </datafield>
  <datafield tag="650" ind1=" " ind2=" ">
    <subfield code="a">Gobernantes</subfield>
    <subfield code="9">39332</subfield>
  </datafield>
  <datafield tag="650" ind1=" " ind2=" ">
    <subfield code="a">Defensa del Cusco</subfield>
    <subfield code="9">51664</subfield>
  </datafield>
  <datafield tag="650" ind1=" " ind2=" ">
    <subfield code="a">Mujer Guerrera</subfield>
    <subfield code="9">51665</subfield>
  </datafield>
  <datafield tag="942" ind1=" " ind2=" ">
    <subfield code="2">ddc</subfield>
    <subfield code="c">LIBROS</subfield>
  </datafield>
  <datafield tag="945" ind1=" " ind2=" ">
    <subfield code="a">jmacs</subfield>
    <subfield code="d">5/12/2024</subfield>
  </datafield>
  <datafield tag="952" ind1=" " ind2=" ">
    <subfield code="0">0</subfield>
    <subfield code="2">ddc</subfield>
    <subfield code="4">0</subfield>
    <subfield code="7">0</subfield>
    <subfield code="a">SH</subfield>
    <subfield code="b">SH</subfield>
    <subfield code="c">CART</subfield>
    <subfield code="d">2025-12-05</subfield>
    <subfield code="e">Donaci&#xF3;n</subfield>
    <subfield code="g">20.00</subfield>
    <subfield code="o">985.019 / F65</subfield>
    <subfield code="p">SH0000017021</subfield>
    <subfield code="r">2025-12-05</subfield>
    <subfield code="y">LIBROS</subfield>
  </datafield>
</record>
